Statystyki dla Wymień rywali Szymona Kołeckiego.

Kliknij tutaj aby rozwiązać quiz!

Ogólne statystyki

  • Ten quiz został rozwiązany 5 razy
  • Średni wynik to 6 z 11

Statystyki odpowiedzi

Wygrana/PrzegranaRywal% Poprawnych
WygranaAkop Szostak
100%
WygranaMariusz Pudzianowski
100%
WygranaDamian Janikowski
80%
WygranaDariusz Kazmierczuk
60%
WygranaMartin Zawada
60%
PrzegranaMichal Bobrowski
60%
WygranaIvo Cuk
40%
WygranaLukasz Borowski
20%
WygranaLukasz Lysoniewski
20%
WygranaMichal Orkowski
20%
WygranaWojciech Balejko
20%

Rozkład punktacji

Percentyl według liczby udzielonych odpowiedzi

Procent ludzi z każdym wynikiem

Twoja historia wyników

Nie rozwiązałeś tego quizu